[Event "Championship Moscow 2015 Seniors rapid"]
[Site "?"]
[Date "2015.11.29"]
[Round "5.11"]
[White "Korolev, Evgeniy"]
[Black "Andreev, Viktor B."]
[Result "1/2-1/2"]
[BlackElo "2184"]
[WhiteElo "2057"]
[LiveChessVersion "1.4.6"]

1. e4 {[%clk 0:10:07]} c5 {[%clk 0:10:09]} 2. Nf3 {[%clk 0:10:10]} Nc6
{[%clk 0:10:14]} 3. Bb5 {[%clk 0:10:13]} g6 {[%clk 0:10:17]} 4. Bxc6
{[%clk 0:10:14]} dxc6 {[%clk 0:10:21]} 5. h3 {[%clk 0:10:14]} Bg7
{[%clk 0:10:25]} 6. d3 {[%clk 0:10:13]} e5 {[%clk 0:10:26]} 7. O-O
{[%clk 0:10:15]} Ne7 {[%clk 0:10:30]} 8. b3 {[%clk 0:09:54]} O-O {[%clk 0:10:27]}
9. Bb2 {[%clk 0:09:58]} f6 {[%clk 0:10:29]} 10. a4 {[%clk 0:09:56]} Be6
{[%clk 0:10:31]} 11. Qd2 {[%clk 0:09:30]} Qc7 {[%clk 0:10:29]} 12. Nc3
{[%clk 0:09:16]} Rad8 {[%clk 0:10:23]} 13. Qe3 {[%clk 0:09:11]} b6
{[%clk 0:10:27]} 14. a5 {[%clk 0:09:09]} g5 {[%clk 0:10:17]} 15. axb6
{[%clk 0:08:55]} axb6 {[%clk 0:10:21]} 16. Ne2 {[%clk 0:08:42]} Ng6
{[%clk 0:10:18]} 17. Kh2 {[%clk 0:08:18]} Ra8 {[%clk 0:10:09]} 18. Ng3
{[%clk 0:07:28]} Nf4 {[%clk 0:10:09]} 19. Nf5 {[%clk 0:07:30]} Bxf5
{[%clk 0:10:02]} 20. exf5 {[%clk 0:07:33]} e4 {[%clk 0:09:25]} 21. g3
{[%clk 0:07:30]} exf3 {[%clk 0:08:48]} 22. gxf4 {[%clk 0:07:28]} Rfe8
{[%clk 0:07:45]} 23. Rxa8 {[%clk 0:07:28]} Rxa8 {[%clk 0:07:49]} 24. Qe6+
{[%clk 0:05:29]} Qf7 {[%clk 0:07:51]} 25. fxg5 {[%clk 0:03:48]} Qxe6
{[%clk 0:07:50]} 26. fxe6 {[%clk 0:03:52]} fxg5 {[%clk 0:07:53]} 27. Bxg7
{[%clk 0:03:36]} Kxg7 {[%clk 0:07:56]} 28. Re1 {[%clk 0:03:35]} Kf6
{[%clk 0:07:54]} 29. Kg3 {[%clk 0:03:37]} Ke7 {[%clk 0:07:34]} 30. Kxf3
{[%clk 0:03:41]} Rf8+ {[%clk 0:07:38]} 31. Kg3 {[%clk 0:03:44]} Rf4
{[%clk 0:07:39]} 32. Re5 {[%clk 0:03:21]} h6 {[%clk 0:07:41]} 33. f3
{[%clk 0:03:00]} Rf6 {[%clk 0:07:40]} 34. Kg4 {[%clk 0:03:03]} Rf4+
{[%clk 0:07:44]} 35. Kg3 {[%clk 0:03:02]} Rf6 {[%clk 0:07:34]} 36. Re4
{[%clk 0:02:53]} h5 {[%clk 0:07:00]} 37. Re5 {[%clk 0:02:48]} Rg6
{[%clk 0:07:01]} 38. Re4 1/2-1/2

[Event "Championship Moscow 2015 Seniors rapid"]
[Site "?"]
[Date "2015.11.29"]
[Round "5.12"]
[White "Chernov, Yury"]
[Black "Archangelsky, Mikhail"]
[Result "0-1"]
[BlackElo "2080"]
[WhiteElo "2165"]
[LiveChessVersion "1.4.6"]

1. e4 {[%clk 0:10:08]} e6 {[%clk 0:10:09]} 2. d4 {[%clk 0:10:11]} d5
{[%clk 0:10:12]} 3. Nc3 {[%clk 0:10:14]} Nf6 {[%clk 0:10:14]} 4. e5
{[%clk 0:10:03]} Nfd7 {[%clk 0:10:17]} 5. f4 {[%clk 0:10:05]} c5 {[%clk 0:10:20]}
6. Nf3 {[%clk 0:10:08]} Nc6 {[%clk 0:10:23]} 7. Ne2 {[%clk 0:09:48]} f6
{[%clk 0:09:07]} 8. c3 {[%clk 0:09:46]} fxe5 {[%clk 0:08:53]} 9. fxe5
{[%clk 0:09:43]} cxd4 {[%clk 0:08:54]} 10. cxd4 {[%clk 0:09:44]} Bb4+
{[%clk 0:08:48]} 11. Bd2 {[%clk 0:09:17]} Qb6 {[%clk 0:08:17]} 12. Bxb4
{[%clk 0:08:40]} Qxb4+ {[%clk 0:08:16]} 13. Qd2 {[%clk 0:08:43]} O-O
{[%clk 0:08:06]} 14. Qxb4 {[%clk 0:08:17]} Nxb4 {[%clk 0:08:08]} 15. Kd2
{[%clk 0:08:18]} Nb6 {[%clk 0:07:56]} 16. b3 {[%clk 0:08:20]} Bd7
{[%clk 0:07:19]} 17. Nc3 {[%clk 0:07:24]} a6 {[%clk 0:06:11]} 18. Rc1
{[%clk 0:07:20]} Rac8 {[%clk 0:06:02]} 19. a3 {[%clk 0:06:53]} Nc6
{[%clk 0:06:04]} 20. Bd3 {[%clk 0:06:53]} Rxf3 {[%clk 0:05:45]} 21. gxf3
{[%clk 0:06:54]} Nxd4 {[%clk 0:05:48]} 22. Rcf1 {[%clk 0:05:57]} Nxb3+
{[%clk 0:05:32]} 23. Kc2 {[%clk 0:05:55]} d4 {[%clk 0:05:20]} 24. Bxh7+
{[%clk 0:05:24]} Kxh7 {[%clk 0:05:20]} 25. Kxb3 {[%clk 0:05:27]} dxc3
{[%clk 0:05:06]} 26. Rhg1 {[%clk 0:05:02]} c2 {[%clk 0:04:05]} 27. Rc1
{[%clk 0:04:43]} Ba4+ {[%clk 0:03:38]} 28. Kb2 {[%clk 0:04:21]} Nc4+
{[%clk 0:03:31]} 29. Ka2 {[%clk 0:04:23]} Ne3 {[%clk 0:02:39]} 30. f4
{[%clk 0:04:12]} Rd8 {[%clk 0:02:34]} 31. Kb2 {[%clk 0:03:44]} Rd1
{[%clk 0:02:26]} 32. Re1 {[%clk 0:03:41]} Rxe1 {[%clk 0:01:48]} 33. Rxe1
{[%clk 0:03:44]} Nd1+ {[%clk 0:01:46]} 34. Kc1 {[%clk 0:03:38]} Nc3
{[%clk 0:01:46]} 35. Kb2 {[%clk 0:03:40]} Nd1+ {[%clk 0:01:40]} 36. Kc1
{[%clk 0:03:43]} b5 {[%clk 0:01:33]} 37. f5 {[%clk 0:03:43]} exf5
{[%clk 0:01:14]} 38. e6 {[%clk 0:03:47]} a5 {[%clk 0:01:12]} 39. e7
{[%clk 0:03:42]} b4 {[%clk 0:01:16]} 40. axb4 {[%clk 0:03:43]} axb4
{[%clk 0:01:19]} 41. e8=Q {[%clk 0:03:31]} Bxe8 {[%clk 0:01:22]} 42. Kxc2
{[%clk 0:03:30]} Ba4+ {[%clk 0:01:08]} 43. Kb1 {[%clk 0:03:21]} Nc3+
{[%clk 0:01:11]} 44. Kb2 {[%clk 0:03:24]} Ne4 {[%clk 0:01:13]} 45. Ra1
{[%clk 0:03:21]} Nc3 {[%clk 0:01:02]} 46. Rf1 {[%clk 0:03:16]} Kg6
{[%clk 0:01:06]} 47. Rf4 {[%clk 0:03:17]} Nd5 {[%clk 0:01:03]} 48. Rd4
{[%clk 0:03:21]} Bc6 {[%clk 0:01:03]} 49. Rc4 {[%clk 0:03:19]} Bb7
{[%clk 0:00:58]} 50. Rc5 {[%clk 0:03:18]} f4 {[%clk 0:00:53]} 51. Rb5
{[%clk 0:03:21]} f3 {[%clk 0:00:47]} 52. Rc5 {[%clk 0:03:11]} f2 {[%clk 0:00:33]}
53. Rc1 {[%clk 0:03:15]} Ne3 {[%clk 0:00:33]} 54. Kb3 {[%clk 0:03:14]} f1=Q
{[%clk 0:00:31]} 55. Rxf1 {[%clk 0:03:17]} Nxf1 {[%clk 0:00:34]} 56. Kxb4
{[%clk 0:03:13]} Nxh2 {[%clk 0:00:36]} 57. Kc5 {[%clk 0:03:17]} Kf5
{[%clk 0:00:39]} 58. Kd4 {[%clk 0:03:21]} g5 {[%clk 0:00:43]} 59. Ke3
{[%clk 0:03:25]} g4 {[%clk 0:00:45]} 60. Kf2 {[%clk 0:03:29]} Kf4
{[%clk 0:00:49]} 61. Kg1 {[%clk 0:03:30]} Nf3+ {[%clk 0:00:50]} 62. Kg2
{[%clk 0:03:31]} g3 {[%clk 0:00:49]} 63. Kf1 {[%clk 0:03:25]} Nh4
{[%clk 0:00:44]} 64. Kg1 {[%clk 0:03:26]} Ke3 {[%clk 0:00:43]} 65. Kf1
{[%clk 0:03:28]} Kf3 {[%clk 0:00:37]} 66. Kg1 {[%clk 0:03:29]} g2
{[%clk 0:00:31]} 67. Kh2 {[%clk 0:03:33]} Kf2 {[%clk 0:00:34]} 68. Kh3
{[%clk 0:03:31]} g1=Q {[%clk 0:00:30]} 0-1

[Event "Championship Moscow 2015 Seniors rapid"]
[Site "?"]
[Date "2015.11.29"]
[Round "5.13"]
[White "Lyubimov, Anatoly"]
[Black "Kirillov, Nikolay"]
[Result "1-0"]
[BlackElo "2139"]
[WhiteElo "2147"]
[LiveChessVersion "1.4.6"]

1. c4 {[%clk 0:10:06]} c6 {[%clk 0:10:04]} 2. d4 {[%clk 0:10:09]} d5
{[%clk 0:10:13]} 3. cxd5 {[%clk 0:10:12]} cxd5 {[%clk 0:10:18]} 4. Nc3
{[%clk 0:10:13]} Nf6 {[%clk 0:10:22]} 5. Bf4 {[%clk 0:10:17]} a6 {[%clk 0:10:26]}
6. e3 {[%clk 0:10:15]} e6 {[%clk 0:10:24]} 7. Bd3 {[%clk 0:10:11]} Bd6
{[%clk 0:10:06]} 8. Bxd6 Qxd6 {[%clk 0:10:10]} 9. f4 {[%clk 0:10:07]} Nc6
{[%clk 0:09:59]} 10. Nf3 {[%clk 0:10:07]} O-O {[%clk 0:09:47]} 11. O-O
{[%clk 0:10:11]} Qe7 {[%clk 0:09:02]} 12. Rc1 Bd7 13. Bb1 {[%clk 0:09:54]} Rac8
{[%clk 0:08:58]} 14. Ne5 {[%clk 0:09:25]} Nxe5 {[%clk 0:08:48]} 15. fxe5
{[%clk 0:09:26]} Ne8 {[%clk 0:08:47]} 16. Qh5 {[%clk 0:08:42]} g6
{[%clk 0:08:02]} 17. Qh6 {[%clk 0:08:30]} f5 {[%clk 0:07:46]} 18. exf6
{[%clk 0:06:50]} Rxf6 {[%clk 0:07:39]} 19. Rce1 {[%clk 0:05:53]} Bc6
{[%clk 0:05:05]} 20. Rf4 {[%clk 0:05:32]} Ng7 {[%clk 0:04:13]} 21. Rxf6
{[%clk 0:04:20]} Qxf6 {[%clk 0:04:17]} 22. Rf1 {[%clk 0:04:05]} Qe7
{[%clk 0:04:08]} 23. Qf4 {[%clk 0:03:31]} Rf8 {[%clk 0:04:01]} 24. Qxf8+
{[%clk 0:03:25]} Qxf8 {[%clk 0:04:06]} 25. Rxf8+ {[%clk 0:03:29]} Kxf8
{[%clk 0:04:10]} 26. Kf2 {[%clk 0:03:21]} Ke7 {[%clk 0:04:11]} 27. Kg3
{[%clk 0:02:39]} Kf6 {[%clk 0:04:04]} 28. Bc2 {[%clk 0:02:16]} h6
{[%clk 0:03:55]} 29. Kf3 {[%clk 0:01:41]} g5 {[%clk 0:03:55]} 30. g4 Ne8
{[%clk 0:03:05]} 31. e4 {[%clk 0:01:33]} dxe4+ {[%clk 0:02:48]} 32. Bxe4
{[%clk 0:01:36]} Nd6 {[%clk 0:02:26]} 33. Bxc6 {[%clk 0:01:37]} bxc6
{[%clk 0:02:31]} 34. Ne4+ {[%clk 0:01:07]} Ke7 {[%clk 0:02:16]} 35. Nxd6 Kxd6
{[%clk 0:02:20]} 36. Ke4 {[%clk 0:01:01]} a5 {[%clk 0:02:19]} 37. b3
{[%clk 0:01:04]} Kd7 {[%clk 0:02:14]} 38. Ke5 Ke7 39. a3 {[%clk 0:01:03]} Kd7
{[%clk 0:02:23]} 40. a4 {[%clk 0:00:30]} Ke7 {[%clk 0:02:27]} 41. Ke4
{[%clk 0:00:17]} Kd6 {[%clk 0:02:30]} 42. Kd3 {[%clk 0:00:15]} c5
{[%clk 0:02:32]} 43. Kc4 {[%clk 0:00:12]} cxd4 {[%clk 0:02:35]} 44. Kxd4
{[%clk 0:00:16]} e5+ {[%clk 0:02:39]} 45. Kc4 {[%clk 0:00:19]} Kc6
{[%clk 0:02:41]} 46. b4 {[%clk 0:00:23]} axb4 {[%clk 0:02:45]} 47. Kxb4
{[%clk 0:00:27]} Kd5 {[%clk 0:02:41]} 48. Kc3 {[%clk 0:00:28]} e4
{[%clk 0:02:34]} 49. a5 {[%clk 0:00:32]} Kc5 {[%clk 0:02:37]} 50. a6
{[%clk 0:00:34]} Kb6 {[%clk 0:02:41]} 51. Kd4 Kxa6 52. Kxe4 Kb6 {[%clk 0:02:55]}
53. Kf5 {[%clk 0:00:47]} 1-0

[Event "Championship Moscow 2015 Seniors rapid"]
[Site "?"]
[Date "2015.11.29"]
[Round "5.14"]
[White "Goroshilov, Vladislav"]
[Black "Kachar, Vladimir"]
[Result "0-1"]
[BlackElo "2237"]
[WhiteElo "2037"]
[LiveChessVersion "1.4.6"]

1. d4 Nf6 2. c4 e6 3. Nf3 d5 4. Nc3 dxc4 5. e4 Bb4 6. e5 Ne4 7. Bd2 Nxd2 8. Qxd2
b5 9. a3 Ba5 10. b4 cxb3 11. Bxb5+ Bd7 12. a4 a6 13. Be2 Nc6 14. O-O Qb8 15. Qb2
Qb6 16. d5 Ne7 17. d6 cxd6 18. exd6 Nf5 19. Ne4 O-O 20. Ne5 Rad8 21. Nc4 Qb4 22.
Nxa5 Qxe4 23. Bxa6 Qb4 24. Nxb3 Bxa4 25. Qa3 Qxb3 26. Qxa4 Qxa4 27. Rxa4 Rxd6 28.
g3 h5 29. Bb7 g6 30. Rc1 Rfd8 31. Ra8 Rxa8 32. Bxa8 Kg7 33. h4 Nd4 34. Kg2 Ra6
35. Be4 f5 36. Rc4 Rd6 37. Bf3 e5 38. Bd1 Kf6 39. Ba4 f4 40. Bd1 fxg3 41. fxg3
Nf5 42. Bf3 Ne3+ 0-1

[Event "Championship Moscow 2015 Seniors rapid"]
[Site "?"]
[Date "2015.11.29"]
[Round "5.15"]
[White "Yakushev, Vladimir"]
[Black "Vul, Arkadi Eremeevich"]
[Result "0-1"]
[BlackElo "2174"]
[WhiteElo "2062"]
[LiveChessVersion "1.4.6"]

1. Nf3 d5 2. g3 Nf6 3. Bg2 e6 4. O-O c5 5. d3 Nc6 6. Nbd2 Be7 7. e4 b6 8. Qe2 Bb7
9. Re1 Qc7 10. h4 O-O-O 11. e5 Nd7 12. c4 d4 13. Nf1 h6 14. Bf4 Rdg8 15. g4 g5
16. hxg5 hxg5 17. Bh2 Nf8 18. Ng3 Ng6 19. Nh5 Nf4 20. Bxf4 gxf4 21. Nh2 Bg5 22.
Nf3 Be7 23. Kf1 Rxg4 24. Bh3 Rgg8 25. Nxf4 Kb8 26. Qd2 Qd8 27. Bg2 Bg5 28. Nxg5
0-1

[Event "Championship Moscow 2015 Seniors rapid"]
[Site "?"]
[Date "2015.11.29"]
[Round "5.16"]
[White "Neiman, Mikhail"]
[Black "Melnik, Viktor"]
[Result "0-1"]
[BlackElo "2131"]
[WhiteElo "2062"]
[LiveChessVersion "1.4.6"]

1. d4 d5 2. c4 c6 3. Nc3 Nf6 4. Nf3 dxc4 5. e4 b5 6. e5 Nd5 7. a4 h6 8. axb5 Nxc3
9. bxc3 cxb5 10. Ba3 Be6 11. Bc5 a6 12. Be2 Nd7 13. Bb4 a5 14. Ba3 Bd5 15. O-O
Rb8 16. Nd2 e6 17. Bxf8 Nxf8 18. Bf3 a4 19. Ne4 Bxe4 20. Bxe4 Nd7 21. Qf3 O-O 22.
Rfb1 f6 23. Qg3 fxe5 24. dxe5 Nc5 25. Bc6 Qd3 26. Rxb5 Nb3 27. Re1 a3 28. Rxb8
Rxb8 29. Be4 Qd2 30. Rf1 Qg5 31. Bb1 Qxg3 0-1

[Event "Championship Moscow 2015 Seniors rapid"]
[Site "?"]
[Date "2015.11.29"]
[Round "5.17"]
[White "Lazarev, Gennady"]
[Black "Sinelnikov, Igor"]
[Result "1-0"]
[BlackElo "2117"]
[WhiteElo "1988"]
[LiveChessVersion "1.4.6"]

1. e4 {[%clk 0:10:01]} d6 {[%clk 0:09:36]} 2. Nf3 {[%clk 0:10:00]} Nf6
{[%clk 0:09:40]} 3. Nc3 {[%clk 0:09:58]} g6 {[%clk 0:09:41]} 4. Bc4
{[%clk 0:09:59]} Bg7 {[%clk 0:09:44]} 5. d4 {[%clk 0:10:02]} O-O {[%clk 0:09:44]}
6. Bb3 {[%clk 0:10:06]} Bg4 {[%clk 0:09:42]} 7. h3 {[%clk 0:10:05]} Bxf3
{[%clk 0:09:45]} 8. Qxf3 {[%clk 0:10:06]} Nc6 {[%clk 0:09:49]} 9. Be3
{[%clk 0:10:08]} e5 {[%clk 0:09:52]} 10. d5 {[%clk 0:10:09]} Ne7 {[%clk 0:09:44]}
11. Ne2 {[%clk 0:10:01]} Nd7 {[%clk 0:09:36]} 12. g4 {[%clk 0:10:00]} f5
{[%clk 0:09:19]} 13. gxf5 {[%clk 0:09:59]} gxf5 {[%clk 0:09:23]} 14. Rg1
{[%clk 0:09:40]} Kh8 {[%clk 0:09:00]} 15. Bg5 {[%clk 0:08:59]} fxe4
{[%clk 0:08:45]} 16. Qxe4 {[%clk 0:08:32]} Nf6 {[%clk 0:08:49]} 17. Qh4
{[%clk 0:08:30]} Ng6 {[%clk 0:08:22]} 18. Qg3 {[%clk 0:08:14]} Qd7
{[%clk 0:07:21]} 19. Qg2 {[%clk 0:07:25]} Qf5 {[%clk 0:06:55]} 20. O-O-O
{[%clk 0:07:09]} Ne4 {[%clk 0:06:29]} 21. Be3 {[%clk 0:07:00]} Rf7
{[%clk 0:05:43]} 22. Rdf1 {[%clk 0:05:56]} Raf8 {[%clk 0:04:11]} 23. c3
{[%clk 0:05:57]} Qf3 {[%clk 0:02:59]} 24. Qxf3 {[%clk 0:05:33]} Rxf3
{[%clk 0:03:04]} 25. Bc2 {[%clk 0:05:32]} Nxf2 {[%clk 0:02:50]} 26. Bxf2
{[%clk 0:02:46]} Rxf2 {[%clk 0:02:53]} 27. Rxf2 {[%clk 0:02:45]} Rxf2
{[%clk 0:02:55]} 28. Ng3 {[%clk 0:02:47]} Nf4 {[%clk 0:02:34]} 29. Kb1
{[%clk 0:02:28]} Nxh3 {[%clk 0:02:22]} 30. Rh1 {[%clk 0:02:20]} Ng5
{[%clk 0:02:20]} 31. Nf5 {[%clk 0:01:59]} e4 {[%clk 0:01:44]} 32. Ne7
{[%clk 0:01:06]} Bf6 {[%clk 0:00:53]} 33. Ng6+ {[%clk 0:01:03]} Kg7
{[%clk 0:00:56]} 34. Nh4 {[%clk 0:01:06]} e3 {[%clk 0:00:46]} 35. Nf5+
{[%clk 0:00:58]} Kf7 {[%clk 0:00:06]} 36. Nxe3 {[%clk 0:01:00]} Kg8
{[%clk 0:00:00]} 37. Ng4 Rf4 38. Nh6+ Kg7 39. Nf5+ Kh8 40. a4 Ne4 1-0

[Event "Championship Moscow 2015 Seniors rapid"]
[Site "?"]
[Date "2015.11.29"]
[Round "5.18"]
[White "Melikidze, Shota"]
[Black "Avetisyan, Aleksey"]
[Result "1-0"]
[BlackElo "2050"]
[WhiteElo "2115"]
[LiveChessVersion "1.4.6"]

1. b4 {[%clk 0:10:07]} e5 {[%clk 0:10:09]} 2. Bb2 {[%clk 0:10:11]} Bxb4
{[%clk 0:10:12]} 3. f4 {[%clk 0:10:15]} d6 {[%clk 0:09:19]} 4. Nf3
{[%clk 0:10:17]} Nf6 {[%clk 0:09:11]} 5. fxe5 {[%clk 0:10:14]} dxe5
{[%clk 0:09:15]} 6. Nxe5 {[%clk 0:10:01]} O-O {[%clk 0:09:08]} 7. Nc3
{[%clk 0:09:50]} Bd6 {[%clk 0:08:47]} 8. Nf3 {[%clk 0:09:48]} Nc6
{[%clk 0:08:37]} 9. e3 {[%clk 0:09:50]} Bg4 {[%clk 0:08:27]} 10. Be2
{[%clk 0:09:51]} Re8 {[%clk 0:08:17]} 11. O-O {[%clk 0:09:53]} Ne5
{[%clk 0:08:05]} 12. Nxe5 {[%clk 0:09:41]} Bxe2 {[%clk 0:08:08]} 13. Qxe2
{[%clk 0:08:45]} Bxe5 {[%clk 0:08:07]} 14. Rf5 {[%clk 0:08:27]} Qd6
{[%clk 0:07:54]} 15. g3 {[%clk 0:07:37]} Qe6 {[%clk 0:06:45]} 16. Raf1
{[%clk 0:07:24]} Rf8 {[%clk 0:06:19]} 17. d4 {[%clk 0:06:15]} Bd6
{[%clk 0:06:14]} 18. e4 {[%clk 0:06:16]} Bb4 {[%clk 0:06:00]} 19. d5
{[%clk 0:03:34]} Qb6+ {[%clk 0:05:33]} 20. Kh1 {[%clk 0:03:38]} Rae8
{[%clk 0:04:54]} 21. Rxf6 {[%clk 0:02:43]} gxf6 {[%clk 0:04:57]} 22. Na4
{[%clk 0:02:19]} Qd6 {[%clk 0:03:05]} 23. Qg4+ {[%clk 0:01:26]} Kh8
{[%clk 0:03:09]} 24. Rxf6 {[%clk 0:01:14]} Qe5 {[%clk 0:02:45]} 25. Bxe5
{[%clk 0:00:53]} Rxe5 {[%clk 0:02:49]} 26. Qf4 {[%clk 0:00:44]} Re7
{[%clk 0:02:34]} 27. e5 {[%clk 0:00:42]} b5 {[%clk 0:02:34]} 28. Nb2
{[%clk 0:00:39]} Bc3 {[%clk 0:02:37]} 29. Nd3 {[%clk 0:00:43]} a5
{[%clk 0:02:27]} 30. Qh6 {[%clk 0:00:41]} Rg8 {[%clk 0:02:17]} 31. e6
{[%clk 0:00:33]} fxe6 {[%clk 0:02:00]} 32. Rxe6 {[%clk 0:00:31]} Rf7
{[%clk 0:01:56]} 33. Ne5 {[%clk 0:00:31]} Rfg7 {[%clk 0:01:38]} 34. Qf6
{[%clk 0:00:18]} h5 {[%clk 0:01:09]} 35. Qh6+ {[%clk 0:00:17]} Rh7
{[%clk 0:01:13]} 36. Nf7# {[%clk 0:00:12]} 1-0

[Event "Championship Moscow 2015 Seniors rapid"]
[Site "?"]
[Date "2015.11.29"]
[Round "5.19"]
[White "Piatin, Oleg"]
[Black "Artamonov, Alexander"]
[Result "1-0"]
[BlackElo "1998"]
[WhiteElo "2092"]
[LiveChessVersion "1.4.6"]

1. e4 {[%clk 0:10:09]} e6 {[%clk 0:10:06]} 2. d4 {[%clk 0:10:12]} d5
{[%clk 0:10:10]} 3. e5 {[%clk 0:10:16]} c5 {[%clk 0:10:14]} 4. c3
{[%clk 0:10:21]} Nc6 {[%clk 0:10:18]} 5. Nf3 {[%clk 0:10:24]} Qb6
{[%clk 0:10:22]} 6. a3 {[%clk 0:10:23]} Bd7 {[%clk 0:10:15]} 7. b4
{[%clk 0:10:14]} cxd4 {[%clk 0:10:03]} 8. cxd4 {[%clk 0:10:18]} Rc8
{[%clk 0:09:52]} 9. Be2 {[%clk 0:09:49]} Nge7 {[%clk 0:09:01]} 10. O-O
{[%clk 0:09:34]} Nf5 {[%clk 0:08:59]} 11. Be3 {[%clk 0:09:34]} Nxe3
{[%clk 0:08:47]} 12. fxe3 {[%clk 0:09:37]} Be7 {[%clk 0:08:47]} 13. Bd3
{[%clk 0:08:59]} O-O {[%clk 0:08:38]} 14. Nbd2 {[%clk 0:08:51]} f5
{[%clk 0:07:09]} 15. exf6 {[%clk 0:05:27]} gxf6 {[%clk 0:05:52]} 16. Nb3
{[%clk 0:05:05]} Nd8 {[%clk 0:04:25]} 17. Qb1 {[%clk 0:04:30]} Rf7
{[%clk 0:02:45]} 18. Nc5 {[%clk 0:03:57]} Bb5 {[%clk 0:01:59]} 19. Qb3
{[%clk 0:03:20]} Bxd3 {[%clk 0:01:47]} 20. Qxd3 {[%clk 0:02:51]} Rg7
{[%clk 0:00:47]} 21. Rac1 {[%clk 0:02:47]} Qd6 {[%clk 0:00:24]} 22. e4
{[%clk 0:02:16]} Qf4 {[%clk 0:00:00]} 1-0

[Event "Championship Moscow 2015 Seniors rapid"]
[Site "?"]
[Date "2015.11.29"]
[Round "5.20"]
[White "Paster, Arkady M."]
[Black "Zverkhovski, Vladimir"]
[Result "1/2-1/2"]
[BlackElo "1939"]
[WhiteElo "2082"]
[LiveChessVersion "1.4.6"]

1. e4 {[%clk 0:10:09]} Nf6 {[%clk 0:10:14]} 2. e5 {[%clk 0:10:13]} Nd5
{[%clk 0:10:17]} 3. d4 {[%clk 0:10:14]} d6 {[%clk 0:10:21]} 4. Nf3
{[%clk 0:10:17]} dxe5 {[%clk 0:10:25]} 5. dxe5 {[%clk 0:10:21]} c6
{[%clk 0:10:27]} 6. c4 {[%clk 0:10:19]} Nb4 {[%clk 0:10:30]} 7. Qxd8+
{[%clk 0:10:14]} Kxd8 {[%clk 0:10:33]} 8. Na3 {[%clk 0:10:00]} h6
{[%clk 0:10:36]} 9. Bd2 {[%clk 0:10:04]} N8a6 {[%clk 0:10:21]} 10. Bxb4
{[%clk 0:10:04]} Nxb4 {[%clk 0:10:24]} 11. O-O-O+ {[%clk 0:10:07]} Kc7
{[%clk 0:10:22]} 12. Nc2 {[%clk 0:10:10]} e6 {[%clk 0:09:56]} 13. Nxb4
{[%clk 0:09:53]} Bxb4 {[%clk 0:10:00]} 14. Bd3 {[%clk 0:09:42]} Bc5
{[%clk 0:09:56]} 15. Rd2 {[%clk 0:09:37]} Bd7 {[%clk 0:09:55]} 16. a3
{[%clk 0:09:41]} a5 {[%clk 0:09:55]} 17. Bc2 {[%clk 0:08:58]} Rhd8
{[%clk 0:09:54]} 18. Rf1 {[%clk 0:08:27]} Be8 {[%clk 0:09:57]} 19. Ne1
{[%clk 0:08:14]} Rxd2 {[%clk 0:09:58]} 20. Kxd2 Rd8+ 21. Nd3 {[%clk 0:08:12]} Bd4
{[%clk 0:10:03]} 22. Ke2 {[%clk 0:07:55]} c5 {[%clk 0:10:05]} 23. f3
{[%clk 0:07:31]} Bc6 {[%clk 0:10:01]} 24. Rb1 {[%clk 0:07:30]} a4
{[%clk 0:09:59]} 25. g3 {[%clk 0:06:47]} g5 {[%clk 0:09:58]} 26. Rf1
{[%clk 0:06:25]} b5 {[%clk 0:10:00]} 27. cxb5 {[%clk 0:06:13]} Bxb5
{[%clk 0:10:03]} 28. f4 {[%clk 0:06:03]} Bxb2 {[%clk 0:09:41]} 29. Rb1
{[%clk 0:05:43]} Bxd3+ 30. Bxd3 {[%clk 0:05:47]} Bxa3 {[%clk 0:07:46]} 31. Ra1
{[%clk 0:05:44]} Bb4 {[%clk 0:06:56]} 32. Rxa4 {[%clk 0:05:48]} gxf4
{[%clk 0:06:59]} 33. gxf4 {[%clk 0:05:45]} Kb6 {[%clk 0:06:56]} 34. Ra6+
{[%clk 0:05:46]} Kb7 {[%clk 0:06:56]} 35. Ra4 {[%clk 0:05:41]} Rg8
{[%clk 0:06:41]} 36. Be4+ {[%clk 0:05:36]} Kb6 {[%clk 0:06:41]} 37. Ra1
{[%clk 0:05:38]} Rd8 {[%clk 0:06:24]} 38. Rg1 {[%clk 0:05:33]} c4
{[%clk 0:06:25]} 39. Rg7 {[%clk 0:05:33]} c3 {[%clk 0:06:09]} 40. Rxf7
{[%clk 0:05:32]} Rd2+ {[%clk 0:05:01]} 41. Kf3 {[%clk 0:05:29]} Rxh2
{[%clk 0:04:51]} 42. Rf6 {[%clk 0:05:25]} Kc5 {[%clk 0:04:03]} 43. Rxe6
{[%clk 0:05:00]} Kd4 {[%clk 0:03:53]} 44. Bg6 {[%clk 0:04:39]} c2
{[%clk 0:03:46]} 45. Rc6 {[%clk 0:04:32]} Bc5 {[%clk 0:03:50]} 46. Bxc2
{[%clk 0:04:27]} Rxc2 {[%clk 0:03:52]} 47. Rxh6 {[%clk 0:04:31]} Rc3+
{[%clk 0:03:49]} 48. Kg4 {[%clk 0:04:34]} Ke4 {[%clk 0:03:52]} 49. Rh1
{[%clk 0:03:59]} Rc2 {[%clk 0:03:15]} 50. Re1+ {[%clk 0:03:53]} Be3
{[%clk 0:03:18]} 51. e6 {[%clk 0:03:54]} Rg2+ {[%clk 0:03:12]} 52. Kh3
{[%clk 0:03:57]} Rg7 {[%clk 0:03:07]} 53. e7 {[%clk 0:03:57]} Rxe7
{[%clk 0:03:08]} 54. Kg4 {[%clk 0:03:46]} Rg7+ {[%clk 0:03:12]} 55. Kh5
{[%clk 0:03:49]} Kxf4 {[%clk 0:03:14]} 56. Kh6 {[%clk 0:03:53]} Rg2
{[%clk 0:03:17]} 57. Kh7 {[%clk 0:03:55]} Rg3 {[%clk 0:03:18]} 58. Rf1+
{[%clk 0:03:58]} Ke5 {[%clk 0:03:19]} 59. Rf7 {[%clk 0:03:58]} 1/2-1/2

[Event "Championship Moscow 2015 Seniors rapid"]
[Site "?"]
[Date "2015.11.29"]
[Round "6.1"]
[White "Kremenietsky, Anatoly M."]
[Black "Arkhipov, Sergey"]
[Result "0-1"]
[BlackElo "2507"]
[WhiteElo "2262"]
[LiveChessVersion "1.4.6"]

1. d4 {[%clk 0:10:08]} Nf6 {[%clk 0:10:07]} 2. Nf3 {[%clk 0:10:12]} d5
{[%clk 0:10:08]} 3. c4 {[%clk 0:10:12]} e6 {[%clk 0:10:10]} 4. Nc3
{[%clk 0:10:14]} Nbd7 {[%clk 0:10:08]} 5. cxd5 {[%clk 0:10:15]} exd5
{[%clk 0:10:12]} 6. Bf4 {[%clk 0:10:17]} c6 {[%clk 0:10:04]} 7. h3
{[%clk 0:10:13]} Be7 {[%clk 0:10:05]} 8. e3 {[%clk 0:10:16]} O-O {[%clk 0:10:08]}
9. Bd3 {[%clk 0:10:20]} Re8 {[%clk 0:10:04]} 10. O-O {[%clk 0:10:21]} Nf8
{[%clk 0:10:07]} 11. Qc2 {[%clk 0:10:19]} Ng6 {[%clk 0:09:31]} 12. Bh2
{[%clk 0:10:16]} Bd6 {[%clk 0:09:34]} 13. Bxd6 {[%clk 0:10:12]} Qxd6
{[%clk 0:09:37]} 14. a3 {[%clk 0:10:07]} a5 {[%clk 0:09:18]} 15. Rab1
{[%clk 0:09:57]} Qe7 {[%clk 0:09:07]} 16. b4 {[%clk 0:09:12]} axb4
{[%clk 0:09:09]} 17. axb4 {[%clk 0:09:16]} Ne4 {[%clk 0:09:05]} 18. b5
{[%clk 0:09:10]} Nh4 {[%clk 0:08:32]} 19. Nxh4 {[%clk 0:06:13]} Qxh4
{[%clk 0:08:36]} 20. Bxe4 {[%clk 0:04:41]} dxe4 {[%clk 0:08:39]} 21. f4
{[%clk 0:04:14]} Bxh3 {[%clk 0:07:52]} 22. Qf2 {[%clk 0:04:21]} Qxf2+
{[%clk 0:07:41]} 23. Rxf2 {[%clk 0:04:22]} Bf5 {[%clk 0:07:40]} 24. bxc6
{[%clk 0:04:24]} bxc6 {[%clk 0:07:44]} 25. Rb6 {[%clk 0:04:23]} Rec8
{[%clk 0:07:39]} 26. g4 {[%clk 0:03:57]} Bxg4 {[%clk 0:07:06]} 27. Nxe4
{[%clk 0:04:01]} Re8 {[%clk 0:06:50]} 28. Nd2 {[%clk 0:03:16]} Rxe3
{[%clk 0:06:49]} 29. Rxc6 {[%clk 0:03:20]} Rd8 {[%clk 0:06:32]} 30. f5
{[%clk 0:03:11]} h5 {[%clk 0:06:28]} 31. Rf4 {[%clk 0:02:45]} Rd3
{[%clk 0:06:21]} 32. Ne4 {[%clk 0:02:40]} R3xd4 {[%clk 0:06:09]} 33. f6
{[%clk 0:02:31]} g5 {[%clk 0:06:01]} 0-1